Highest Life Expectancy Countries With Exceptions - Statistics

General Stats
  • This quiz has been taken 74,865 times
    28,920 since last reset
  • The average score is 13 of 20
Answer Stats
Years Rank Country % Correct
85.2 3 Japan
97%
80.9 33 United States
95%
84.2 4 Canada
92%
83.5 10 Australia
88%
83.4 12 South Korea
87%
82.9 19 New Zealand
84%
86.7 2 Singapore
76%
79.9 40 United Arab Emirates
68%
81.6 32 Taiwan
66%
80.3 35 Qatar
65%
83.1 13 Israel
61%
80.4 34 Bahrain
57%
80.3 37 Chile
57%
79.6 42 Kuwait
55%
80.1 39 Cuba
43%
79.2 44 Panama
43%
80.3 36 Costa Rica
41%
80.2 38 Cyprus
38%
79.2 45 Lebanon
33%
79.4 43 Saint Lucia
24%
No matching quizzes found
Score Distribution
Percent of People with Each Score
Percentile by Number Answered
Your Score History
You have not taken this quiz since the last reset